<?xml version="1.0" encoding="UTF-8"?>
<record
    xmlns:xsi="http://www.w3.org/2001/XMLSchema-instance"
    xsi:schemaLocation="http://www.loc.gov/MARC21/slim http://www.loc.gov/standards/marcxml/schema/MARC21slim.xsd"
    xmlns="http://www.loc.gov/MARC21/slim">

  <leader>01243nam a22002057a 4500</leader>
  <datafield tag="999" ind1=" " ind2=" ">
    <subfield code="c">358489</subfield>
    <subfield code="d">358489</subfield>
  </datafield>
  <controlfield tag="003">IT-MiCISF</controlfield>
  <controlfield tag="005">20191125155000.0</controlfield>
  <controlfield tag="008">191125b           ||||| |||| 00| 0 eng d</controlfield>
  <datafield tag="040" ind1=" " ind2=" ">
    <subfield code="c">IT-MiCISF</subfield>
  </datafield>
  <datafield tag="041" ind1=" " ind2=" ">
    <subfield code="a">it</subfield>
  </datafield>
  <datafield tag="100" ind1=" " ind2=" ">
    <subfield code="a">Cigoli Vittorio, Gennari MariaLuisa</subfield>
    <subfield code="9">58025</subfield>
  </datafield>
  <datafield tag="245" ind1=" " ind2=" ">
    <subfield code="a">Quando non &#xE8; per sempre</subfield>
    <subfield code="b">Lasciarsi come coppia, rimanere come genitori</subfield>
  </datafield>
  <datafield tag="260" ind1=" " ind2=" ">
    <subfield code="a">Cinisello B. (MI)</subfield>
    <subfield code="b">San Paolo</subfield>
    <subfield code="c">2019</subfield>
  </datafield>
  <datafield tag="300" ind1=" " ind2=" ">
    <subfield code="a">pp. 138</subfield>
  </datafield>
  <datafield tag="500" ind1=" " ind2=" ">
    <subfield code="a">divorzio, coppia, conflitto, case-studies</subfield>
  </datafield>
  <datafield tag="520" ind1=" " ind2=" ">
    <subfield code="a">Le coppie si legano in una prospettiva di "per sempre" che viene da molto lontano nel tempo ma, quando questa promessa si spezza, cosa ne &#xE8; dei figli? Quali sono gli effetti del divorzio su di loro, che costituiscono la generazione successiva? Sono le domande alla base di questo libro, che Vittorio Cigoli e Marialuisa Gennari sviluppano anche alla luce di storie di vita di coppia e familiari per mostrare gli effetti del divorzio, ma anche le possibilit&#xE0; concrete di affrontare il dolore e di non restare impigliati nelle trappole che il dolore stesso dissemina lungo il percorso. Perch&#xE9; si pu&#xF2; smettere di essere coppia, ma genitori si rimane per sempre.</subfield>
  </datafield>
  <datafield tag="650" ind1=" " ind2=" ">
    <subfield code="a">divorzio</subfield>
    <subfield code="9">56098</subfield>
  </datafield>
  <datafield tag="654" ind1=" " ind2=" ">
    <subfield code="a">libro</subfield>
  </datafield>
  <datafield tag="942" ind1=" " ind2=" ">
    <subfield code="2">ddc</subfield>
    <subfield code="c">BK</subfield>
  </datafield>
  <datafield tag="952" ind1=" " ind2=" ">
    <subfield code="0">0</subfield>
    <subfield code="1">0</subfield>
    <subfield code="2">ddc</subfield>
    <subfield code="4">0</subfield>
    <subfield code="6">A_2304_000000000000000</subfield>
    <subfield code="7">1</subfield>
    <subfield code="a">CISF</subfield>
    <subfield code="b">CISF</subfield>
    <subfield code="d">2019-11-25</subfield>
    <subfield code="l">0</subfield>
    <subfield code="o">a2304</subfield>
    <subfield code="p">9788892219052</subfield>
    <subfield code="r">2019-11-25 00:00:00</subfield>
    <subfield code="w">2019-11-25</subfield>
    <subfield code="y">BK</subfield>
  </datafield>
</record>
